000 00377nam a22001457a 4500
003 SGT
020 _a9780323546607
082 _a616.01
_bB17J
100 _aJack Ferracane
245 _aDental Biomaterials for Oral Health
260 _aPhiladelphia, United States
_bHealth Sciences Division
_c2017
300 _a651-871
650 _aBIOMEDICAL DENTISTRY
942 _2ddc
_cBK
999 _c18126
_d18126